000 00570nam a22001937a 4500
005 20251108164721.0
008 250721s1995 xx 000 0 ara d
082 1 4 _a614.71/محم
100 1 _aدعبس، محمد يسري إبراهيم
245 1 0 _aإستراتيجيات حماية البيئة من التلوث /
264 1 _aالإسكندريه :
_c1995.
300 _a186ص
490 0 _aسلسلة التنمية ؛ 4
650 1 7 _aالصحة العامة
650 1 7 _aالتلوث
650 1 7 _aالبيئة
942 _2ddc
_cBK
999 _c12619
_d12619